000 01246nam a2200229Ia 4500
003 Ost
005 20260507075248.0
008 260507s9999||||xx |||||||||||||| ||und||
040 _cfsecg
041 _aara
082 _a330
100 _aابو خضرة، حسام عبد الله
_eمؤلف
245 0 _aنظم المعلومات المحاسبية /
_c حسام عبد الله ابو خضرة
260 _aعمان:
_bمكتبة المجتمع العربي,
_c2008
300 _a169 صفحة؛
_bإيضاحات ؛
_c24 سم
504 _aمراجع ص.169
520 _aمقدمة لدراسة نظم المعلومات المحاسبية ، المعلومات و اتخاذ القرارات ، تحليل نظمالمعلومات المحاسبية و تصميمها و تنفيذها و تقييمها، نظم إدارة الملفات المحاسبية و نظم ادارة قواعد البيانات ، دوافع و مناهج نطم المعلومات المحاسبية ، رقابة أنظمة المعلومات المحوسبة .
653 _aالمحاسبة
653 _aنظم المعلومات- المؤسسة الممتدة
700 _aعشيش، حسن سمير
_eمؤلف ثانوي
942 _cكتاب
999 _c43671
_d43671